书目信息 |
| 题名: |
《北京市湿地保护条例》解读
|
|
| 作者: | 雷茵茹 , 崔丽娟 主编 | |
| 分册: | ||
| 出版信息: | 北京 中国林业出版社 2019.10 |
|
| 页数: | 136页 | |
| 开本: | 24cm | |
| 丛书名: | ||
| 单 册: | ||
| 中图分类: | D927.102.605 , D92 | |
| 科图分类: | ||
| 主题词: | 沼泽化地--自然资源保护法--条例--法律解释--北京 | |
| 电子资源: | ||
| ISBN: | 978-7-5219-0348-5 | |
| 000 | 00973nam0 2200241 450 | |
| 001 | 2359705251 | |
| 005 | 20231104163539.32 | |
| 010 | @a978-7-5219-0348-5@dCNY48.00 | |
| 100 | @a20191122d2019 em y0chiy0110 ea | |
| 101 | 0 | @achi |
| 102 | @aCN@b110000 | |
| 105 | @ay z 000yy | |
| 200 | 1 | @a《北京市湿地保护条例》解读@9《 bei jing shi shi di bao hu tiao li 》 jie du@f雷茵茹,崔丽娟主编 |
| 210 | @a北京@c中国林业出版社@d2019.10 | |
| 215 | @a136页@d24cm | |
| 330 | @a为了进一步促进条例的贯彻实施,加强湿地保护和管理依法行政能力,提升湿地相关部门的管理水平,指导基层湿地管理人员执行湿地保护条例,特编写了这本《北京市湿地保护条例解读》,力求准确、详尽、通俗地解释每一条内容,以帮助广大读者更好地学习和理解《条例》的规定。 | |
| 606 | 0 | @a沼泽化地@x自然资源保护法@x条例@x法律解释@x北京 |
| 690 | @aD927.102.605@v5 | |
| 690 | @aD92@v4 | |
| 701 | 0 | @a雷茵茹@9lei yin ru@4主编 |
| 701 | 0 | @a崔丽娟@9cui li juan@4主编 |
| 801 | 0 | @aCN@b91CIP@c20191122 |
| 905 | @aBZT@dD92@e33 | |
| 《北京市湿地保护条例》解读/雷茵茹,崔丽娟主编.-北京:中国林业出版社,2019.10 |
| 136页;24cm |
| ISBN 978-7-5219-0348-5:CNY48.00 |
| 为了进一步促进条例的贯彻实施,加强湿地保护和管理依法行政能力,提升湿地相关部门的管理水平,指导基层湿地管理人员执行湿地保护条例,特编写了这本《北京市湿地保护条例解读》,力求准确、详尽、通俗地解释每一条内容,以帮助广大读者更好地学习和理解《条例》的规定。 |
| ● |
| 相关链接 |
|
|
|
正题名:《北京市湿地保护条例》解读
索取号:D92/33
 
预约/预借
| 序号 | 登录号 | 条形码 | 馆藏地/架位号 | 状态 | 备注 |
| 1 | 2000947652 | 2000947652 | 安徽、中教混合/安徽时代(第一批)/133/ [索取号:D92/33] | 在馆 | |
| 2 | 2000947653 | 2000947653 | 安徽、中教混合/安徽时代(第一批)/133/ [索取号:D92/33] | 在馆 | |
| 3 | 2000947654 | 2000947654 | 安徽、中教混合/安徽时代(第一批)/133/ [索取号:D92/33] | 在馆 | |
| 4 | 2000947655 | 2000947655 | 安徽、中教混合/安徽时代(第一批)/133/ [索取号:D92/33] | 在馆 | |
| 5 | 2000947656 | 2000947656 | 安徽、中教混合/安徽时代(第一批)/133/ [索取号:D92/33] | 在馆 | |
| 6 | 2000947657 | 2000947657 | 安徽、中教混合/安徽时代(第一批)/133/ [索取号:D92/33] | 在馆 |